LEADER 06080nam 2200733 450 001 9910456652903321 005 20200520144314.0 010 $a1-4511-6613-3 035 $a(CKB)2430000000022304 035 $a(EBL)3418567 035 $a(SSID)ssj0000352867 035 $a(PQKBManifestationID)11248612 035 $a(PQKBTitleCode)TC0000352867 035 $a(PQKBWorkID)10285271 035 $a(PQKB)10724021 035 $a(MiAaPQ)EBC3418567 035 $a(MiAaPQ)EBC2032594 035 $a(Au-PeEL)EBL3418567 035 $a(CaPaEBR)ebr10826554 035 $a(OCoLC)923528657 035 $a(Au-PeEL)EBL2032594 035 $a(OCoLC)908076010 035 $a(EXLCZ)992430000000022304 100 $a20140124h20052005 uy 0 101 0 $aeng 135 $aur|n|---||||| 181 $ctxt 182 $cc 183 $acr 200 00$aDevelopmental and behavioral pediatrics $ea handbook for primary care /$fedited by Steven Parker, Barry Zuckerman, and Marilyn Augustyn 205 $aSecond edition. 210 1$aPhiladelphia, Pennsylvania :$cLippincott Williams & Wilkins,$d2005. 210 4$dİ2005 215 $a1 online resource (496 p.) 300 $aDescription based upon print version of record. 311 $a0-7817-1683-7 320 $aIncludes bibliographical references and index. 327 $a""Developmental and Behavioral Pediatrics""; ""Contents""; ""Contributing Authors""; ""Preface from 1st Edition""; ""Preface""; ""I The Fundamentals of Developmental and Behavioral Pediatrics""; ""Talking with Parents""; ""Talking with Children""; ""Teachable Moments in Primary Care""; ""Touchpoints of Anticipatory Guidance in the First Three Years""; ""Difficult Encounters with Parents""; ""Helping Families Deal with Bad News""; ""Promoting Early Literacy""; ""Family Systems""; ""Promoting Parental Self Understanding""; ""Behavioral Screening""; ""Developmental Screening"" 327 $a""Screening for Social and Emotional Delays in Early Childhood""""Behavioral Management: Theory and Practice""; ""Coping with Stressful Transitions""; ""Managing Behavior""; ""Pain""; ""Early Childhood Development in Developing Countries""; ""Self-Regulation Therapy""; ""Psychopharmacology""; ""II Specific Child Problems""; ""Recurrent Abdominal Pain""; ""The Aggressive, Explosive Child""; ""Anorexia Nervosa and Bulimia""; ""Anxiety Disorders""; ""Asperger Syndrome""; ""Attention Deficit Hyperactivity Disorder""; ""Autism""; ""Bad News in the Media""; ""Bipolar Disorder in Children"" 327 $a""Biting Others""""Breath Holding""; ""Bullying""; ""Cerebral Palsy""; ""Chronic Conditions""; ""Colic""; ""Depression""; ""Down Syndrome""; ""The Dysmorphic Child""; ""Encopresis""; ""Enuresis""; ""Failure to Thrive""; ""Fears""; ""Fetal Alcohol Syndrome""; ""Fragile X Syndrome""; ""Gay, Lesbian, & Bisexual Youth""; ""Gender Identity Issues""; ""The Gifted Child""; ""Headaches""; ""Hearing Impairment""; ""Language Delays""; ""Lying, Cheating, & Stealing""; ""Masturbation""; ""Mental Retardation: Behavioral Problems""; ""Mental Retardation: Diagnostic Evaluation""; ""Motor Delays"" 327 $a""Neglect""""Nightmares and Night Terrors""; ""Obesity""; ""Physical Abuse""; ""Picky Eating""; ""Posttraumatic Stress Disorder""; ""PTSD) in Children""; ""Prematurity: Primary Care Follow-up""; ""School Avoidance""; ""School Failure""; ""School Readiness""; ""Selective Mutism""; ""Self-Esteem and Resilience""; ""Sensory Integration Disorder""; ""Sex and the Adolescent""; ""Sexual Abuse""; ""Shyness""; ""Sleep Problems""; ""Speech-Sound Disorders""; ""Stuttering""; ""Substance Abuse in Adolescence""; ""Suicide""; ""Temper Tantrums""; ""Temperamentally Difficult Children""; ""Thumb Sucking"" 327 $a""Tics and Tourette Syndrome""""Toilet Training""; ""Unpopular Children""; ""Violent Youth""; ""Visual Impairment""; ""Witness to Violence""; ""III Family Issues""; ""Adoption""; ""Bereavement and Loss""; ""Child Care""; ""Cultural Competence""; ""Divorce""; ""Dying Children""; ""Foster Care""; ""Gay and Lesbian Parents""; ""Screening for Maternal Depression""; ""Sibling Rivalry""; ""Single Parents""; ""Stepfamilies""; ""Television""; ""Twins""; ""Vulnerable Children""; ""Appendices""; ""Pediatric Symptom Checklist""; ""Child Development in the First Five Years"" 327 $a""Early Language Milestone Scale"" 330 $aThe thoroughly updated Second Edition of this popular handbook provides practical guidance on diagnosing and treating children with developmental and behavioral problems in the primary care setting. New chapters cover pediatric psychopharmacology, sensory integrations disorder, bad news in the media, post-traumatic stress disorder, Asperger syndrome, promoting resilience, the explosive child, family treatment, cultural competence, and bipolar disorder. The authors present current information on common problems such as ADHD, biting, school avoidance, the picky eater, obesity, sleep problems, and colic and on significant developmental disorders such as autistic spectrum disorder, cerebral palsy, and the dysmorphic child. A separate section focuses on screening for developmental and behavioral disorders in primary care. 606 $aBehavior disorders in children$vHandbooks, manuals, etc 606 $aChild development deviations$vHandbooks, manuals, etc 606 $aPediatrics$xPsychological aspects$vHandbooks, manuals, etc 606 $aPrimary care (Medicine)$vHandbooks, manuals, etc 608 $aElectronic books. 615 0$aBehavior disorders in children 615 0$aChild development deviations 615 0$aPediatrics$xPsychological aspects 615 0$aPrimary care (Medicine) 676 $a618.92/89 701 $aParker$b Steven$01040550 701 $aZuckerman$b Barry$01040551 701 $aAugustyn$b Marilyn$01026237 801 0$bMiAaPQ 801 1$bMiAaPQ 801 2$bMiAaPQ 906 $aBOOK 912 $a9910456652903321 996 $aDevelopmental and behavioral pediatrics$92463516 997 $aUNINA LEADER 04229oas 2201489 a 450 001 9910138970003321 005 20260127110032.0 011 $a1468-3156 035 $a(DE-599)ZDB2071898-6 035 $a(OCoLC)45461882 035 $a(CONSER) 00242393 035 $a(CKB)959328102022 035 $a(DE-599)2019919-3 035 $a(EXLCZ)99959328102022 100 $a20001201a19949999 sy 101 0 $aeng 135 $aurmnu|||||||| 181 $ctxt$2rdacontent 182 $cc$2rdamedia 183 $acr$2rdacarrier 200 00$aBritish journal of learning disabilities 210 $a[Oxford, England] $cBlackwell Science 215 $a1 online resource 300 $aRefereed/Peer-reviewed 311 08$a1354-4187 531 0 $aBr. j. learn. disabil. 606 $aLearning disabilities$vPeriodicals 606 $aLearning disabled$vPeriodicals 606 $aLearning disabled children$vPeriodicals 606 $aLearning disabled youth$vPeriodicals 606 $aLearning Disabilities 606 $aIntellectual Disability 606 $aTroubles de l'apprentissage$vPe?riodiques 606 $aPersonnes en difficulte? d'apprentissage$vPe?riodiques 606 $aEnfants en difficulte? d'apprentissage$vPe?riodiques 606 $aJeunes en difficulte? d'apprentissage$vPe?riodiques 606 $aDe?ficience intellectuelle 606 $aTroubles de l'apprentissage 606 $aintellectual disability$2aat 606 $aLearning Disabilities$2ebps$3(uri) http://www.ncbi.nlm.nih.gov/mesh/?term=D007859 606 $aLearning disabilities$2fast$3(OCoLC)fst00994891 606 $aLearning disabled$2fast$3(OCoLC)fst00994912 606 $aLearning disabled children$2fast$3(OCoLC)fst00994938 606 $aLearning disabled youth$2fast$3(OCoLC)fst00994989 606 $aTrouble d'apprentissage$2rasuqam 608 $aPeriodical. 608 $aPeriodicals.$2fast 608 $aPeriodicals.$2lcgft 608 $aPe?riodique e?lectronique (Descripteur de forme)$2rasuqam 608 $aRessource Internet (Descripteur de forme)$2rasuqam 615 0$aLearning disabilities 615 0$aLearning disabled 615 0$aLearning disabled children 615 0$aLearning disabled youth 615 2$aLearning Disabilities. 615 2$aIntellectual Disability. 615 6$aTroubles de l'apprentissage 615 6$aPersonnes en difficulte? d'apprentissage 615 6$aEnfants en difficulte? d'apprentissage 615 6$aJeunes en difficulte? d'apprentissage 615 6$aDe?ficience intellectuelle. 615 6$aTroubles de l'apprentissage. 615 7$aintellectual disability. 615 7$aLearning Disabilities. 615 7$aLearning disabilities. 615 7$aLearning disabled. 615 7$aLearning disabled children. 615 7$aLearning disabled youth. 615 17$aTrouble d'apprentissage. 676 $a362.3 712 02$aBritish Institute of Learning Disabilities, 801 0$bMYG 801 1$bMYG 801 2$bWAU 801 2$bOCLCQ 801 2$bWAU 801 2$bF#A 801 2$bOCLCQ 801 2$bUQ1 801 2$bOCLCQ 801 2$bOCLCO 801 2$bOCLCF 801 2$bSCB 801 2$bOCLCO 801 2$bVT2 801 2$bNLGGC 801 2$bOCLCQ 801 2$bOCLCO 801 2$bOCLCQ 801 2$bOCLCO 801 2$bWT2 801 2$bOCLCQ 801 2$bOCLCO 801 2$bOCLCQ 801 2$bNLE 801 2$bOCLCA 801 2$bBUF 801 2$bU3W 801 2$bEZC 801 2$bOCLCQ 801 2$bTOF 801 2$bWYU 801 2$bUKMGB 801 2$bOCLCQ 801 2$bOCLCO 801 2$bNJT 801 2$bSFB 801 2$bOCLCO 801 2$bOCLCA 801 2$bOCLCQ 801 2$bOCLCA 801 2$bLDP 801 2$bCNMTR 801 2$bSRU 801 2$bUBY 801 2$bOCLCQ 801 2$bCUS 801 2$bOCLCL 801 2$bCSU 801 2$bLIP 801 2$bXFH 801 2$bAU@ 801 2$bOCLCQ 906 $aJOURNAL 912 $a9910138970003321 996 $aBritish journal of learning disabilities$91917122 997 $aUNINA